书目信息 |
| 题名: |
徐志摩卷
|
|
| 作者: | 王青峰 , 刘海南 , 何爱英 编著 | |
| 分册: | ||
| 出版信息: | 北京 蓝天出版社 2008.04 |
|
| 页数: | 248页 | |
| 开本: | 23cm | |
| 丛书名: | 速读中国现当代文学大师与名家丛书 | |
| 单 册: | ||
| 中图分类: | I206.6 | |
| 科图分类: | ||
| 主题词: | 文学--中国 | |
| 电子资源: | ||
| ISBN: | 978-7-80158-342-0 | |
| 000 | 00763 nam 000253 | |
| 001 | 0100024957 | |
| 005 | 20111230090347.64 | |
| 010 | @a978-7-80158-342-0@dCNY32.00 | |
| 100 | @a20081119d2006 em y0chiy0121 ea | |
| 101 | @achi | |
| 105 | @ay z 000yy | |
| 200 | 10 | @a徐志摩卷@9xu zhi mo juan@f王青峰, 刘海南, 何爱英编著@Fwang qing feng,liu hai nan,he ai ying bian zhu |
| 210 | @a北京@c蓝天出版社@d2008.04 | |
| 215 | @a248页@d23cm | |
| 225 | @a速读中国现当代文学大师与名家丛书 | |
| 540 | @a徐志摩卷 | |
| 606 | @a文学@x中国 | |
| 690 | @aI206.6@v4 | |
| 701 | 0 | @a王青峰@9wang qing feng@4编著 |
| 701 | 0 | @a刘海南@Aliu hai nan@4编著 |
| 701 | 0 | @a何爱英@Ahe ai ying@4编著 |
| 801 | @aCN@c20111230 | |
| 901 | @a000004 | |
| 905 | @b687967-71@dI206.6@eW310@f3 | |
| 徐志摩卷/王青峰, 刘海南, 何爱英编著.-北京:蓝天出版社,2008.04 |
| 248页;23cm.-(速读中国现当代文学大师与名家丛书) |
| ISBN 978-7-80158-342-0:CNY32.00 |
| ● |
| 相关链接 |
|
|
|
正题名:徐志摩卷
索取号:I206.6/W310
 
预约/预借
| 序号 | 登录号 | 条形码 | 馆藏地/架位号 | 状态 | 备注 |
| 1 | 1188728 | 211887289 | 文学库108/108文学库 6排3列3层/ [索取号:I206.6/W310] | 在馆 | |
| 2 | 1188729 | 211887298 | 文学库108/108文学库 6排3列3层/ [索取号:I206.6/W310] | 在馆 | |
| 3 | 1188730 | 211887305 | 文学库108/108文学库 6排3列3层/ [索取号:I206.6/W310] | 在馆 |